00469nam a2200133Ia 4500008004100000041000800041082001600049100001600065245004600081250000900127260004200136999001900178952013800197230627s9999 xx 000 0 und d aeng a346.02bBAN aBangia R. K aLaw Of Contract I And Specific Relief Act a8ed. aFaridabadbAllahabad Law Agencyc1999 c702602d702602 001040708NLP Social WelfareaNLPbNLPcNLP-134d2000-03-30g100.00l0o346.02 BANpNLP-NS0032r2023-07-17 00:00:00w2023-07-17yBK